ARRUPE JESUIT UNIVERSITY

CORONAVIRUS -STOP THE SPREAD - CLEAN,DISINFECT,COVER

The olive farm : (Record no. 126768)

MARC details
000 -LEADER
fixed length control field 01044cam a2200253 a 4500
001 - CONTROL NUMBER
control field 12285302
003 - CONTROL NUMBER IDENTIFIER
control field ARRUPE
005 - DATE AND TIME OF LATEST TRANSACTION
control field 20170825084354.0
008 - FIXED-LENGTH DATA ELEMENTS--GENERAL INFORMATION
fixed length control field 010122s2001 nyu 000 0deng
010 ## - LIBRARY OF CONGRESS CONTROL NUMBER
LC control number 2001021096
020 ## - INTERNATIONAL STANDARD BOOK NUMBER
International Standard Book Number 1585671061
040 ## - CATALOGING SOURCE
Original cataloging agency DLC
Transcribing agency DLC
Modifying agency DLC
043 ## - GEOGRAPHIC AREA CODE
Geographic area code e-fr---
050 00 - LIBRARY OF CONGRESS CALL NUMBER
Classification number DC611.P961
Item number D75 2001
082 00 - DEWEY DECIMAL CLASSIFICATION NUMBER
Classification number 944/.9
Edition number 21
300 ## - PHYSICAL DESCRIPTION
Dimensions 20 cm.
100 1# - MAIN ENTRY--PERSONAL NAME
Personal name Drinkwater, Carol.
9 (RLIN) 35204
245 14 - TITLE STATEMENT
Title The olive farm :
Remainder of title a memoir of life, love, and olive oil in the south of France /
Statement of responsibility, etc Carol Drinkwater.
250 ## - EDITION STATEMENT
Edition statement 1st ed.
260 ## - PUBLICATION, DISTRIBUTION, ETC. (IMPRINT)
Place of publication, distribution, etc London. :
Name of publisher, distributor, etc Abacus,
Date of publication, distribution, etc 2001.
300 ## - PHYSICAL DESCRIPTION
Extent 342 p. ;
600 10 - SUBJECT ADDED ENTRY--PERSONAL NAME
Personal name Drinkwater, Carol
General subdivision Homes and haunts
Geographic subdivision France
-- Provence.
9 (RLIN) 35205
651 #0 - SUBJECT ADDED ENTRY--GEOGRAPHIC NAME
Geographic name Provence (France)
General subdivision Social life and customs.
9 (RLIN) 35206
906 ## - LOCAL DATA ELEMENT F, LDF (RLIN)
a 7
b cbc
c orignew
d 1
e ocip
f 20
g y-gencatlg
942 ## - ADDED ENTRY ELEMENTS (KOHA)
Source of classification or shelving scheme Library of Congress Classification
Koha item type Monograph ( Printed materials)
Holdings
Withdrawn status Lost status Source of classification or shelving scheme Damaged status Not for loan Collection code Home library Current library Shelving location Date acquired Total Checkouts Full call number Barcode Date last seen Price effective from Koha item type
    Library of Congress Classification     Main Collection ARRUPE LIBRARY ARRUPE LIBRARY Main Collection 25/08/2017   DC611.P961 D75 2001 46500023463 25/08/2017 25/08/2017 Monograph ( Printed materials)

 

Arrupe Library. PO Box MP320 Mt Pleasant, Harare, Zimbabwe
263 242 745411|librarian@aju.ac.zw